| 000 | 00696nam a2200193 i 4500 | ||
|---|---|---|---|
| 001 | 25833 | ||
| 003 | ES-MaACL | ||
| 005 | 20231222182426.0 | ||
| 007 | t| | ||
| 008 | 030103s1974 sp |||| | spa d | ||
| 100 | 1 |
_aArenal, Concepción, _d1820-1893 _922591 |
|
| 245 | 1 | 0 |
_aBreviario humano _b: (antología de pensamientos) / _cConcepción Arenal ; selección y prólogo por María Barbeito y Cerviño. |
| 260 |
_a[La Coruña : _bColegio Provincial de Abogados, _c1974] |
||
| 300 |
_a245 p., 2 h. de lám. ; _c17 cm. |
||
| 700 | 1 |
_aBarbeito y Cerviño, María. _925401 |
|
| 710 | 2 |
_aColegio Provincial de Abogados de La Coruña. _92987 |
|
| 852 |
_aES-MaACL _jE-8523 |
||
| 999 |
_c25833 _d25833 |
||